Most Guessed Language by Letter - Statistics

General Stats
  • This quiz has been taken 88 times
  • The average score is 18 of 23
Answer Stats
Letter Answer % % Correct
F French 98%
99%
G German 97%
99%
E English 100%
97%
A Arabic 91%
95%
S Spanish 99%
95%
J Japanese 88%
92%
R Russian 95%
91%
D Dutch 83%
88%
P Portuguese 95%
88%
I Italian 93%
86%
M Mandarin 96%
85%
V Vietnamese 71%
78%
H Hungarian 78%
77%
T Turkish 81%
76%
Z Zulu 36%
72%
K Korean 83%
71%
N Norwegian 70%
64%
C Croatian 70%
56%
L Latvian 67%
56%
X Xhosa 16%
56%
B Bulgarian 65%
51%
U Ukrainian 61%
49%
Q Quechua 13%
47%
No matching quizzes found
Score Distribution
Percent of People with Each Score
Percentile by Number Answered
Your Score History
You have not taken this quiz